Statistics for Name all the Social Media Websites

Click here to take the quiz!

General Stats

  • This quiz has been taken 14 times
  • The average score is 8 of 50

Answer Stats

Answer% Correct
Instagram
93%
Facebook
93%
Snapchat
71%
Youtube
71%
Twitter
71%
Google+
57%
Myspace
50%
Reddit
43%
Pinterest
36%
Tumblr
29%
LinkedIn
29%
Vine
21%
Whatsapp
21%
Badoo
21%
Skype
21%
WeChat
14%
Line
7%
LiveJournal
7%
Viber
7%
Telegram
7%
Delicious
7%
Foursquare
7%
Skyrock
7%
Nextdoor
0%
Wayn
0%
Cellufun
0%
MyHeritage
0%
QQ
0%
Classmates
0%
CafeMom
0%
Viadeo
0%
Xing
0%
Xanga
0%
Ravelry
0%
Snapfish
0%
Care2
0%
Flixster
0%
ReverbNation
0%
YY
0%
Kiwibox
0%
The Dots
0%
StumpleUpon
0%
QZone
0%
Baidu Tieba
0%
Tagged
0%
Renren
0%
Taringa
0%
Sina Weibo
0%
Vkontakte
0%
Funny or Die
0%

Score Distribution

Percentile by Number Answered

Percent of People with Each Score

Your Score History

You have not taken this quiz